MARC details
| 000 -LEADER |
| fixed length control field |
01681aam a2200361 i 4500 |
| 001 - CONTROL NUMBER |
| control field |
ocn940361575 |
| 003 - CONTROL NUMBER IDENTIFIER |
| control field |
OCoLC |
| 005 - DATE AND TIME OF LATEST TRANSACTION |
| control field |
20250902030533.0 |
| 008 - FIXED-LENGTH DATA ELEMENTS--GENERAL INFORMATION |
| fixed length control field |
160219s2016 nyu 000 1 eng d |
| 020 ## - INTERNATIONAL STANDARD BOOK NUMBER |
| International Standard Book Number |
1455537179 |
| Qualifying information |
(pbk.) |
| 020 ## - INTERNATIONAL STANDARD BOOK NUMBER |
| International Standard Book Number |
9781455537174 |
| Qualifying information |
(pbk.) |
| 035 ## - SYSTEM CONTROL NUMBER |
| System control number |
(OCoLC)940361575 |
| 040 ## - CATALOGING SOURCE |
| Original cataloging agency |
YDXCP |
| Language of cataloging |
eng |
| Description conventions |
rda |
| Transcribing agency |
YDXCP |
| Modifying agency |
BTCTA |
| -- |
BDX |
| -- |
OCLCQ |
| -- |
CPL |
| -- |
OI6 |
| -- |
OCLCO |
| -- |
MR0 |
| -- |
OC LCO |
| -- |
TnLvILS |
| 100 1# - MAIN ENTRY--PERSONAL NAME |
| Personal name |
Mason, Debbie |
| Titles and words associated with a name |
(Novelist), |
| Relator term |
author. |
| 245 10 - TITLE STATEMENT |
| Title |
Mistletoe cottage / |
| Statement of responsibility, etc. |
Debbie Mason. |
| 250 ## - EDITION STATEMENT |
| Edition statement |
First edition. |
| 264 #1 - PRODUCTION, PUBLICATION, DISTRIBUTION, MANUFACTURE, AND COPYRIGHT NOTICE |
| Place of production, publication, distribution, manufacture |
New York : |
| Name of producer, publisher, distributor, manufacturer |
Forever, |
| Date of production, publication, distribution, manufacture, or copyright notice |
2016. |
| 300 ## - PHYSICAL DESCRIPTION |
| Extent |
viii, 336 pages ; |
| Dimensions |
18 cm. |
| 336 ## - CONTENT TYPE |
| Content type term |
text |
| Content type code |
txt |
| Source |
rdacontent. |
| 337 ## - MEDIA TYPE |
| Media type term |
unmediated |
| Media type code |
n |
| Source |
rdamedia. |
| 338 ## - CARRIER TYPE |
| Carrier type term |
volume |
| Carrier type code |
nc |
| Source |
rdacarrier. |
| 490 1# - SERIES STATEMENT |
| Series statement |
Harmony Harbor novel. |
| 500 ## - GENERAL NOTE |
| General note |
Includes an excerpt from The trouble with Christmas. |
| 520 ## - SUMMARY, ETC. |
| Summary, etc. |
Sophie DiRossi loved growing up in Harmony Harbor. After fleeing in disgrace many years ago, she's now left homeless by a fire and forced to move back to the small coastal town that harbors a million secrets, including her own. Looking into her daughter's eyes every day, she must keep this secret from the only man she has ever loved. Sophie's return to town is a shock for everyone, especially Liam Gallagher. In this special town at this special time of the year, Sophie and Liam can only hope for a little holiday magic. |
| 650 #0 - SUBJECT ADDED ENTRY--TOPICAL TERM |
| Topical term or geographic name as entry element |
Homecoming |
| Form subdivision |
Fiction. |
| 650 #0 - SUBJECT ADDED ENTRY--TOPICAL TERM |
| Topical term or geographic name as entry element |
Secrecy |
| Form subdivision |
Fiction. |
| 650 #0 - SUBJECT ADDED ENTRY--TOPICAL TERM |
| Topical term or geographic name as entry element |
Christmas stories. |
| 650 #0 - SUBJECT ADDED ENTRY--TOPICAL TERM |
| Topical term or geographic name as entry element |
Man-woman relationships |
| Form subdivision |
Fiction. |
| 655 #7 - INDEX TERM--GENRE/FORM |
| Genre/form data or focus term |
Romance fiction. |
| Source of term |
lcgft. |
| 800 1# - SERIES ADDED ENTRY--PERSONAL NAME |
| Personal name |
Mason, Debbie |
| Titles and other words associated with a name |
(Novelist). |
| Title of a work |
Harmony Harbor novel. |
| 907 ## - LOCAL DATA ELEMENT G, LDG (RLIN) |
| a |
.b354410271 |
| 942 ## - ADDED ENTRY ELEMENTS (KOHA) |
| Koha item type |
Libro/Book |